| 000 | 00513nam a2200181 a 4500 | ||
|---|---|---|---|
| 001 | 2388 | ||
| 003 | CDMR | ||
| 005 | 20131127175826.0 | ||
| 008 | 130130s1986||||||||||||||||||||||||||||d | ||
| 020 | _a8485022459 | ||
| 040 |
_aCDMR _bcat _cCDMR |
||
| 100 | 1 |
_aNieto Martin, Santiago _91782 |
|
| 245 | 1 | 3 |
_aLa temática educativa en la prensa _b: análisis de contenido _cSantiago Nieto Contenido |
| 260 |
_aValladolid _c1986 _bSever-Cuesta |
||
| 300 | _a158 p. | ||
| 650 | 0 | 4 |
_94387 _aPremsa i educació |
| 942 |
_cMON _2udc |
||
| 999 |
_c2388 _d2388 |
||